Ha'il Regional Airport (Ha'il, Saudi Arabia) - Statistics

General Stats
  • This quiz has been taken 18 times
    6 since last reset
  • The average score is 7 of 8
Answer Stats
Airline Destination % Correct
Air Arabia/Nesma Airlines/Nile Air Cairo
100%
Qatar Airways Doha
100%
flydubai Dubai (International)
100%
flyadeal/Saudia Jeddah
100%
flyadeal/flynas/Saudia Riyadh
100%
flyadeal/flynas/Saudia Dammam
83%
Jazeera Airways Kuwait City
83%
Air Arabia Sharjah
67%
No matching quizzes found
Score Distribution
Percent of People with Each Score
Percentile by Number Answered
Your Score History
You have not taken this quiz since the last reset